000 00880nam a22002417a 4500
003 DO-SdBNP
005 20240404094740.0
008 210903b 2021 dr a 00| 0 eng d
020 _a9789945097405
040 _aDO-SdBNP
_bspa
_cBNPHU
082 4 _a980.02
_bC957i
_222
100 1 _aCruz Sánchez, Filiberto
_913112
245 1 3 _aLas revoluciones de independencia en América Latina, 1810-1826 /
_cFiliberto Cruz Sánchez
246 _aLa independencia de América Latina 1810-1826 /
260 _aSanto Domingo :
_bEl Nuevo Diario ;
_c2020.
300 _a98 p. :
_bil. ;
_c21 cm.
500 _aIncluye referencias bibliográficas y notas al pie de las páginas
504 _aBibliografía : p. 99
590 _aInventariado, 2021/BT
651 4 _aAmérica Latina
_xHistoria
_yGuerras de independencia, 1806-1830
_918455
910 _aBT/Validado, 2023/ MFF
942 _2ddc
_cLBS1
999 _c50389
_d50389